Upravlenije ekonomikoj Osnovnyje ponjatija i kategorii
Enregistré dans:
| Format: | Livre |
|---|---|
| Langue: | russe |
| Publié: |
Moskva
Ekonomika
1986
|
| Édition: | 1. izd. |
| Tags: |
Pas de tags, Soyez le premier à ajouter un tag!
|
MARC
| LEADER | 00000nam a2200000 4500 | ||
|---|---|---|---|
| 001 | c023613 | ||
| 005 | 20240223092636.4 | ||
| 041 | 0 | |a rus | |
| 044 | |a RU | ||
| 245 | 1 | 0 | |a Upravlenije ekonomikoj |b Osnovnyje ponjatija i kategorii |c Red. R.A. Belousov, A.Z. Seleznev |
| 250 | |a 1. izd. | ||
| 264 | 1 | |a Moskva |b Ekonomika |c 1986 | |
| 300 | |a 302 s. | ||